[Event "48th Biel Master Open"]
[Site "Biel SUI"]
[Date "2015.07.20"]
[Round "1.2"]
[White "Donchenko, Anatoly"]
[Black "Ivanisevic, Ivan"]
[Result "0-1"]
[WhiteTitle "IM"]
[BlackTitle "GM"]
[WhiteElo "2326"]
[BlackElo "2662"]
[WhiteFideId "4106091"]
[BlackFideId "912417"]
[EventDate "2015.07.20"]

1. Nf3 d5 2. d4 Bf5 3. c4 e6 4. Nc3 Nc6 5. a3 Nf6 6. Bg5 Be7 7. e3 O-O 8. Bd3
Bg4 9. Be2 Nd7 10. cxd5 exd5 11. Bf4 Nb6 12. h3 Bf5 13. O-O a6 14. Nd2 Bd6 15.
Bxd6 Qxd6 16. b4 Rae8 17. b5 axb5 18. Nxb5 Qd8 19. a4 Na5 20. Bg4 Bg6 21. Bh5 c6
22. Nc3 Bxh5 23. Qxh5 Nbc4 24. Nxc4 Nxc4 25. Qf5 Re7 26. Rfe1 Re6 27. Rab1 Qe7
28. Qd3 f5 29. Re2 g6 30. Rbe1 Re8 31. e4 fxe4 32. Nxe4 Kg7 33. Nc3 Qf6 34. g3
Rxe2 35. Rxe2 Rxe2 36. Nxe2 Qf5 37. Qxf5 gxf5 38. Nc3 Nd2 39. Kg2 Kf6 40. f3 Nc4
41. Kf2 f4 42. gxf4 Kf5 43. Kg3 Nb2 44. Kf2 Kxf4 45. Ne2+ Kg5 46. Nc3 Kh4 47. f4
b6 48. Na2 Nxa4 49. Nb4 Nc3 50. Nxc6 Kxh3 51. Kf3 Kh4 52. Nb4 h5 53. Nc2 Ne4 54.
Ne3 Nf6 55. Nc2 b5 56. Nb4 Kh3 57. f5 h4 58. Nd3 Kh2 59. Kf4 h3 60. Ke5 Kg3 61.
Kxf6 h2 62. Ke6 h1=Q 63. f6 Qh3+ 64. Ke7 Qh7+ 65. f7 Qxd3 0-1

[Event "48th Biel Master Open"]
[Site "Biel SUI"]
[Date "2015.07.20"]
[Round "1.3"]
[White "Gharamian, Tigran"]
[Black "Watson, John L"]
[Result "1-0"]
[WhiteTitle "GM"]
[BlackTitle "IM"]
[WhiteElo "2649"]
[BlackElo "2323"]
[WhiteFideId "13301527"]
[BlackFideId "2000768"]
[EventDate "2015.07.20"]

1. e4 e6 2. d4 d5 3. Nd2 Nf6 4. e5 Nfd7 5. c3 c5 6. Bd3 Nc6 7. Qg4 Qc7 8. a3 h5
9. Qf4 cxd4 10. cxd4 f6 11. Ngf3 fxe5 12. Bg6+ Kd8 13. Ng5 Nf6 14. Qh4 Kd7 15.
Nf7 Rg8 16. Nf3 exd4 17. O-O Be7 18. Bf4 Ne4 19. N3g5 Nxg5 20. Nxg5 e5 21. Qh3+
Kd6 22. Nf7+ Kc5 23. Rfc1+ 1-0

[Event "48th Biel Master Open"]
[Site "Biel SUI"]
[Date "2015.07.20"]
[Round "1.4"]
[White "Griffith, Kyron W"]
[Black "Fridman, Daniel"]
[Result "0-1"]
[WhiteTitle "FM"]
[BlackTitle "GM"]
[WhiteElo "2320"]
[BlackElo "2639"]
[WhiteFideId "2046318"]
[BlackFideId "11600454"]
[EventDate "2015.07.20"]

1. e4 d6 2. d4 Nf6 3. Nc3 g6 4. Be3 c6 5. h3 Nbd7 6. Nf3 e5 7. a4 Qe7 8. Be2 Bg7
9. O-O O-O 10. d5 cxd5 11. exd5 Ne8 12. Nd2 f5 13. f4 exf4 14. Bxf4 g5 15. Bh2
Ne5 16. Nf3 f4 17. Qd2 Nxf3+ 18. Bxf3 Be5 19. Rae1 Qg7 20. Kh1 Nf6 21. Nb5 g4
22. hxg4 Nxg4 23. Bxg4 Bxg4 24. c3 Rf5 25. Nd4 Rh5 26. Nf3 Qh6 27. Re4 Rf8 28.
Kg1 Rf6 29. Rc4 Qf8 30. Rf2 Rfh6 31. Rc7 Qb8 32. Rc4 Qd8 33. Rxf4 Bxf4 34. Qxf4
Rg6 35. Nd4 Qe7 36. Rf1 Rxd5 37. Bg3 Re5 38. Bh4 Qe8 39. Nb5 Rf5 40. Nxd6 Rxf4
41. Nxe8 Rxf1+ 42. Kxf1 Kf7 43. Nc7 Bd7 44. Bf2 Bxa4 45. Nd5 Bb5+ 46. Kg1 Rd6
47. Ne3 Rd2 48. b4 b6 49. c4 Bd7 50. b5 Be6 51. Bg3 Ke8 52. Bb8 Re2 53. Bf4 Kd7
54. Kf1 Ra2 55. Bb8 Ra4 0-1

[Event "48th Biel Master Open"]
[Site "Biel SUI"]
[Date "2015.07.20"]
[Round "1.5"]
[White "Bartel, Mateusz"]
[Black "Hasenohr, Benedict"]
[Result "1-0"]
[WhiteTitle "GM"]
[BlackTitle "FM"]
[WhiteElo "2631"]
[BlackElo "2317"]
[WhiteFideId "1112635"]
[BlackFideId "1303309"]
[EventDate "2015.07.20"]

1. e4 e6 2. d4 d5 3. Nc3 Bb4 4. e5 b6 5. Qg4 Bf8 6. Nf3 Qd7 7. Be2 Nc6 8. Nd1
Bb7 9. c3 O-O-O 10. b4 f6 11. h4 fxe5 12. b5 Na5 13. Nxe5 Qe8 14. Qh5 g6 15. Qf3
Nh6 16. Bg5 Rd6 17. Bxh6 Bxh6 18. Nf7 Rf8 19. Nxd6+ cxd6 20. Qh3 Nc4 21. Bxc4
dxc4 22. O-O Kc7 23. Ne3 Bc8 24. a4 e5 25. Qh2 Bxe3 26. fxe3 Rxf1+ 27. Rxf1 exd4
28. Qf4 Qxe3+ 29. Qxe3 dxe3 30. Rf7+ Kb8 31. Rxh7 Bg4 32. Re7 Bd1 33. Rxe3 Bxa4
34. Re6 1-0

[Event "48th Biel Master Open"]
[Site "Biel SUI"]
[Date "2015.07.20"]
[Round "1.6"]
[White "Bigg, Andrew J"]
[Black "Fier, Alexandr"]
[Result "0-1"]
[WhiteTitle "FM"]
[BlackTitle "GM"]
[WhiteElo "2313"]
[BlackElo "2628"]
[WhiteFideId "409120"]
[BlackFideId "2107139"]
[EventDate "2015.07.20"]

1. d4 Nf6 2. Nf3 g6 3. Bf4 Bg7 4. e3 O-O 5. h3 d6 6. Be2 c5 7. c3 Nc6 8. O-O
cxd4 9. exd4 Nd5 10. Bh2 e5 11. Na3 Nf4 12. Bb5 Qf6 13. Re1 Rd8 14. Nc4 exd4 15.
cxd4 g5 16. Ne3 Nxd4 17. Nxd4 Qxd4 18. Qxd4 Bxd4 19. Rad1 Bxb2 20. Nc4 Bc3 21.
Re3 Bb4 22. Bxf4 gxf4 23. Rf3 Bc5 24. Nb2 Be6 25. a4 a6 26. Be2 d5 27. Rxf4 Rac8
28. Bf3 Bd6 29. Rfd4 Bc5 30. R4d2 Bb4 31. Re2 Bc3 32. Nd3 Rc4 33. Ra2 b6 34. g3
d4 35. Nf4 Bd7 36. Nd5 Bxh3 37. Nxb6 Rc5 38. Re2 Be6 0-1

[Event "48th Biel Master Open"]
[Site "Biel SUI"]
[Date "2015.07.20"]
[Round "1.7"]
[White "Adhiban, Baskaran"]
[Black "Misiano, Franco"]
[Result "1-0"]
[WhiteTitle "GM"]
[BlackTitle "FM"]
[WhiteElo "2627"]
[BlackElo "2311"]
[WhiteFideId "5018471"]
[BlackFideId "804746"]
[EventDate "2015.07.20"]

1. d4 Nf6 2. c4 g6 3. g3 Bg7 4. Bg2 O-O 5. Nc3 d6 6. Nf3 Nc6 7. O-O a6 8. d5 Na5
9. b3 Rb8 10. Bd2 c5 11. dxc6 Nxc6 12. Rc1 Bd7 13. Ne1 b5 14. cxb5 axb5 15. Nxb5
Rxb5 16. Bxc6 Bxc6 17. Rxc6 Rh5 18. f3 Qd7 19. Rc2 Qh3 20. Rf2 Nd5 21. e3 Bh6
22. Qe2 e5 23. Nd3 Nf6 24. e4 Bxd2 25. Qxd2 Rd8 26. g4 Nxg4 27. fxg4 Qxg4+ 28.
Rg2 Qxe4 29. Nf2 Qb7 30. Rg5 Rxg5+ 31. Qxg5 Rc8 32. Qc1 Rxc2 33. Qxc2 f5 34. a4
e4 35. Qc4+ Kg7 36. a5 Qa7 37. Qc3+ Kh6 38. b4 d5 39. Qc5 Qa6 40. Nh3 Qf6 41.
Qc1+ Kg7 42. Ng5 Qd4+ 43. Kg2 Qxb4 44. Qc7+ Kh6 45. Ne6 Qd2+ 46. Kh3 Qd3+ 47.
Kh4 1-0

[Event "48th Biel Master Open"]
[Site "Biel SUI"]
[Date "2015.07.20"]
[Round "1.8"]
[White "Vojinovic, Jovana"]
[Black "Solak, Dragan"]
[Result "0-1"]
[WhiteTitle "WGM"]
[BlackTitle "GM"]
[WhiteElo "2292"]
[BlackElo "2622"]
[WhiteFideId "937266"]
[BlackFideId "916811"]
[EventDate "2015.07.20"]

1. d4 d6 2. Nf3 g6 3. Nc3 Bg7 4. Rg1 a6 5. a4 Nf6 6. e4 O-O 7. Bg5 h6 8. Bf4 c5
9. d5 g5 10. Bd2 e6 11. Bd3 exd5 12. exd5 Nbd7 13. Kf1 Nb6 14. Nxg5 hxg5 15.
Bxg5 c4 16. Be4 Nbd7 17. Qf3 Nxe4 18. Nxe4 f6 19. Bd2 Ne5 20. Qh5 Bg4 21. Qh4
Bf5 22. Ng3 Bxc2 23. Nh5 Bd3+ 24. Ke1 Re8 25. Be3 Qa5+ 26. Kd1 Qxd5 27. Nxf6+
Bxf6 28. Qxf6 Bh7+ 29. Bd2 Qd3 30. Qg5+ Bg6 31. Rc1 Qb3+ 0-1

[Event "48th Biel Master Open"]
[Site "Biel SUI"]
[Date "2015.07.20"]
[Round "1.9"]
[White "Sutovsky, Emil"]
[Black "Kamber, Bruno"]
[Result "1-0"]
[WhiteTitle "GM"]
[BlackTitle "FM"]
[WhiteElo "2619"]
[BlackElo "2291"]
[WhiteFideId "2802007"]
[BlackFideId "1300504"]
[EventDate "2015.07.20"]

1. e4 c5 2. Nf3 d6 3. d4 Nf6 4. Nc3 cxd4 5. Nxd4 h6 6. f4 e5 7. Nf3 Nc6 8. f5
Be7 9. Bc4 Na5 10. Bd5 Bd7 11. Qd3 Rc8 12. Be3 Nxd5 13. Nxd5 Nc4 14. O-O-O Qa5
15. Kb1 Qb5 16. Bc1 Nb6 17. Nxe7 Qxd3 18. Rxd3 Kxe7 19. b3 Bb5 20. c4 Bc6 21.
Re1 Rhd8 22. Ba3 f6 23. Nh4 Rd7 24. Kc1 Rcd8 25. Kd2 Na8 26. Ke3 b5 27. cxb5
Bxb5 28. Rd2 Nb6 29. Red1 Nc8 30. g4 Kf7 31. Ng6 Rc7 32. Bb4 Rc6 33. h4 Ne7 34.
Nxe7 Kxe7 35. g5 hxg5 36. hxg5 fxg5 37. Rd5 Ba6 38. Rxe5+ Kf7 39. Re6 Bc8 40.
Rg6 Re8 41. Rxg5 d5 42. Rxd5 g6 43. Rc5 Rxc5 44. fxg6+ Kf6 45. Rxc5 Kxg6 46.
Rc6+ Kg5 47. Rc7 a6 48. Be7+ Kg6 49. Kd4 Kf7 50. Bd8+ 1-0

[Event "48th Biel Master Open"]
[Site "Biel SUI"]
[Date "2015.07.20"]
[Round "1.10"]
[White "Derakhshani, Dorsa"]
[Black "Erdos, Viktor"]
[Result "1/2-1/2"]
[WhiteTitle "WIM"]
[BlackTitle "GM"]
[WhiteElo "2280"]
[BlackElo "2610"]
[WhiteFideId "12500330"]
[BlackFideId "719978"]
[EventDate "2015.07.20"]

1. e4 e5 2. Nf3 Nc6 3. Nc3 Nf6 4. d4 Bb4 5. d5 Ne7 6. Nxe5 d6 7. Nf3 Nxe4 8. Qd4
Bxc3+ 9. bxc3 Nf6 10. c4 O-O 11. Bd3 Nf5 12. Qf4 Re8+ 13. Kf1 Ne7 14. Bb2 Ng6
15. Qg5 Nd7 16. h4 Qxg5 17. hxg5 Nc5 18. Bxg6 fxg6 19. Rh4 b6 20. g3 Ba6 21. Kg2
Nd7 22. Rah1 Nf8 23. Bc3 Re7 24. a4 Rae8 25. a5 b5 26. cxb5 Bxb5 27. Ba1 Be2 28.
Nd2 c6 29. c4 cxd5 30. cxd5 Ba6 31. Nc4 Re2 32. Nxd6 Rd8 33. Ne4 Bb7 34. Nc3
Bxd5+ 35. Nxd5 Rxd5 36. Rb4 Rxa5 37. Rb7 Ne6 38. Rc1 Rf5 39. Rc8+ Rf8 40. Rxf8+
Kxf8 41. Rxa7 1/2-1/2

[Event "48th Biel Master Open"]
[Site "Biel SUI"]
[Date "2015.07.20"]
[Round "1.11"]
[White "Brkic, Ante"]
[Black "Meier, Volker"]
[Result "1-0"]
[WhiteTitle "GM"]
[BlackTitle "FM"]
[WhiteElo "2607"]
[BlackElo "2247"]
[WhiteFideId "14506688"]
[BlackFideId "4605802"]
[EventDate "2015.07.20"]

1. e4 c5 2. Nf3 d6 3. d4 cxd4 4. Qxd4 a6 5. h3 Nc6 6. Qe3 g6 7. c4 Bg7 8. Be2
Nf6 9. O-O O-O 10. Rd1 Qc7 11. Nc3 Ne5 12. Nxe5 dxe5 13. b3 Bd7 14. a4 Rfd8 15.
Ba3 Be8 16. Nd5 Nxd5 17. cxd5 b5 18. a5 e6 19. d6 Qb7 20. Bc5 Bc6 21. f3 f5 22.
Bb6 Rd7 23. Rac1 Rc8 24. b4 Bf6 25. Qc5 Kf7 26. Bc7 Rcxc7 27. dxc7 Rxc7 28. Qb6
Qxb6+ 29. axb6 Rc8 30. Rd6 Bb7 31. Rxc8 Bxc8 32. Rc6 1-0

[Event "48th Biel Master Open"]
[Site "Biel SUI"]
[Date "2015.07.20"]
[Round "1.12"]
[White "Schaerer, Julian"]
[Black "Dragun, Kamil"]
[Result "0-1"]
[BlackTitle "GM"]
[WhiteElo "2245"]
[BlackElo "2586"]
[WhiteFideId "1321048"]
[BlackFideId "1134167"]
[EventDate "2015.07.20"]

1. e4 c5 2. Nf3 d6 3. Bb5+ Bd7 4. c4 Nf6 5. Nc3 g6 6. O-O Bg7 7. d4 cxd4 8. Qxd4
O-O 9. Qd3 a6 10. Bxd7 Nbxd7 11. Be3 Rc8 12. h3 Qc7 13. Rac1 Qxc4 14. Qb1 Qb4
15. Rfd1 Rfe8 16. a3 Qa5 17. Qa2 Ne5 18. Nxe5 Qxe5 19. Bd4 Qg5 20. Rc2 b5 21.
Re2 Nh5 22. Be3 Nf4 23. Bxf4 Qxf4 24. Nd5 Qh4 25. Qb3 Rc4 26. Qe3 e6 27. Nb4 a5
28. Nd3 Bd4 29. Qd2 Bb6 30. Qf4 Qxf4 31. Nxf4 d5 32. Nd3 Rxe4 33. Rxe4 dxe4 34.
Ne5 Rd8 35. Rxd8+ Bxd8 36. b3 f6 37. Nd7 Kf7 38. a4 b4 39. Nc5 f5 40. Nd7 Bc7
41. Nc5 Ke7 42. Na6 Bd6 0-1

[Event "48th Biel Master Open"]
[Site "Biel SUI"]
[Date "2015.07.20"]
[Round "1.13"]
[White "Yilmaz, Mustafa"]
[Black "Ludwig, Peter"]
[Result "1-0"]
[WhiteTitle "GM"]
[WhiteElo "2582"]
[BlackElo "2228"]
[WhiteFideId "6302718"]
[BlackFideId "4651359"]
[EventDate "2015.07.20"]

1. d4 Nf6 2. c4 e6 3. Nf3 Bb4+ 4. Nbd2 d5 5. Qa4+ Nc6 6. e3 O-O 7. Be2 a6 8. O-O
Re8 9. Ne5 Nxe5 10. Qxb4 Nxc4 11. Nxc4 dxc4 12. Qxc4 b5 13. Qc2 Bb7 14. Bd2 e5
15. dxe5 Rxe5 16. f3 Qd6 17. Rad1 Rh5 18. g3 c5 19. e4 Qe6 20. Bf4 g5 21. g4
gxf4 22. gxh5 Nxh5 23. Qxc5 Qh3 24. Qg5+ 1-0

[Event "48th Biel Master Open"]
[Site "Biel SUI"]
[Date "2015.07.20"]
[Round "1.14"]
[White "Kaufmann, Werner"]
[Black "Wagner, Dennis"]
[Result "0-1"]
[WhiteTitle "FM"]
[BlackTitle "GM"]
[WhiteElo "2208"]
[BlackElo "2569"]
[WhiteFideId "1302248"]
[BlackFideId "24650684"]
[EventDate "2015.07.20"]

1. e4 e5 2. Nf3 Nc6 3. Bc4 Bc5 4. b4 Bxb4 5. c3 Be7 6. d4 Na5 7. Be2 d6 8. Qa4+
c6 9. O-O Qc7 10. Nbd2 Nf6 11. Ba3 b5 12. Qc2 O-O 13. c4 Nxc4 14. Nxc4 bxc4 15.
dxe5 dxe5 16. Bb2 Bd6 17. Rac1 Bg4 18. Qxc4 Rab8 19. Bc3 Nd7 20. Bb2 Rb7 21.
Rfd1 Nc5 22. Rc2 Be6 23. Qc3 Na4 24. Qd3 Nc5 25. Qc3 Na4 26. Qd3 c5 27. Bc1 c4
28. Qd2 Bb4 29. Bb2 Bxd2 30. Bxe5 Qc6 31. Nxd2 c3 32. Rdc1 Rc8 33. Nb1 Qxe4 34.
Bxc3 h6 35. Bb5 Bd5 36. f3 Qe3+ 37. Kh1 Nxc3 38. Nxc3 Bxa2 39. Ba4 Be6 40. h3
Bf5 41. Ne4 0-1

[Event "48th Biel Master Open"]
[Site "Biel SUI"]
[Date "2015.07.20"]
[Round "1.15"]
[White "Donchenko, Alexander"]
[Black "Hugentobler, Patrick"]
[Result "1-0"]
[WhiteTitle "GM"]
[BlackTitle "FM"]
[WhiteElo "2567"]
[BlackElo "2200"]
[WhiteFideId "24603295"]
[BlackFideId "1301497"]
[EventDate "2015.07.20"]

1. c4 e5 2. g3 Nf6 3. Bg2 d5 4. cxd5 Nxd5 5. Nc3 Nb6 6. Nf3 Nc6 7. O-O Be7 8. a3
O-O 9. b4 Be6 10. Rb1 f6 11. d3 Nd4 12. Nd2 Nd5 13. Bb2 Nxc3 14. Bxc3 Bd5 15.
Bxd4 Bxg2 16. Kxg2 Qxd4 17. Qb3+ Rf7 18. Rfc1 Qd7 19. b5 b6 20. a4 a5 21. Rc6
Re8 22. Qc4 Bd8 23. Ne4 Qd4 24. Rd1 Re7 25. Nc3 Rd7 26. Qe6 Re7 27. Qb3 Rd7 28.
e3 Qg4 29. Nd5 h5 30. h3 Qg5 31. h4 Qf5 32. e4 Qg6 33. Rdc1 Kh7 34. R1c3 Rd6 35.
Rxd6 cxd6 36. Ne3 Rd7 37. Qe6 Qf7 38. Qxf7 Rxf7 39. Rc6 Rd7 40. Nd5 Kg6 41. Nxb6
Bxb6 42. Rxb6 d5 43. Ra6 dxe4 44. dxe4 Rd4 45. Rxa5 Rxe4 46. b6 1-0

[Event "48th Biel Master Open"]
[Site "Biel SUI"]
[Date "2015.07.20"]
[Round "1.16"]
[White "Dietz, Juergen"]
[Black "Esen, Baris"]
[Result "0-1"]
[WhiteTitle "FM"]
[BlackTitle "GM"]
[WhiteElo "2192"]
[BlackElo "2567"]
[WhiteFideId "4610695"]
[BlackFideId "6302114"]
[EventDate "2015.07.20"]

1. f4 Nh6 2. Nf3 d5 3. d3 d4 4. c3 c5 5. g3 Nf5 6. Na3 Nc6 7. Nc2 g6 8. e4 dxe3
9. Bg2 Bg7 10. O-O O-O 11. Qe2 Rb8 12. Nxe3 b6 13. Bd2 Nxe3 14. Bxe3 Be6 15.
Rfd1 Qc7 16. Ng5 Bd7 17. Rd2 Rbd8 18. Rad1 h6 19. Nf3 Be6 20. a3 Bb3 21. Re1 Rd7
22. d4 cxd4 23. cxd4 Qd8 24. Qd3 Bd5 25. Ne5 Bxe5 26. dxe5 e6 27. Bh3 Kh7 28.
Red1 Qa8 29. Qf1 Rfd8 30. f5 Nxe5 31. fxe6 Nf3+ 32. Qxf3 Bxf3 33. Rxd7 Bxd1 34.
Rxf7+ Kg8 35. Bxh6 Qe4 36. Rg7+ Kh8 37. Rd7 Rxd7 38. exd7 Qd4+ 39. Kf1 Ba4 0-1

[Event "48th Biel Master Open"]
[Site "Biel SUI"]
[Date "2015.07.20"]
[Round "1.17"]
[White "Bok, Benjamin"]
[Black "Ivanov, Mike"]
[Result "1-0"]
[WhiteTitle "GM"]
[WhiteElo "2562"]
[BlackElo "2192"]
[WhiteFideId "1017063"]
[BlackFideId "2613158"]
[EventDate "2015.07.20"]

1. e4 e6 2. d4 d5 3. Nd2 Nc6 4. Ngf3 Nf6 5. e5 Nd7 6. Nb3 a5 7. a4 Be7 8. c3 b6
9. h4 O-O 10. Ng5 Ndxe5 11. dxe5 Nxe5 12. Nxh7 Kxh7 13. Qh5+ Kg8 14. Qxe5 Bd6
15. Qg5 Be7 16. Qh5 c5 17. Bg5 f6 18. Bd3 f5 19. Bb5 Bb7 20. O-O-O Bf6 21. Rhe1
Qd6 22. Qe2 Bc8 23. Nd2 Qd8 24. f4 Ra7 25. Nf3 Rc7 26. Ne5 Qd6 27. Ng6 1-0

[Event "48th Biel Master Open"]
[Site "Biel SUI"]
[Date "2015.07.20"]
[Round "1.18"]
[White "Soldo, Robert"]
[Black "Heimann, Andreas"]
[Result "0-1"]
[BlackTitle "IM"]
[WhiteElo "2149"]
[BlackElo "2557"]
[WhiteFideId "14506351"]
[BlackFideId "24624632"]
[EventDate "2015.07.20"]

1. d4 Nf6 2. c4 g6 3. Nc3 d5 4. cxd5 Nxd5 5. e4 Nxc3 6. bxc3 Bg7 7. Be3 c5 8.
Qd2 Qa5 9. Rc1 O-O 10. Nf3 b6 11. Be2 Ba6 12. Bxa6 Nxa6 13. O-O e6 14. Bh6 Rac8
15. Bxg7 Kxg7 16. d5 exd5 17. exd5 Rfe8 18. h4 Qa4 19. c4 Qd7 20. Qf4 Qf5 21.
Qxf5 gxf5 22. a3 Kf6 23. g3 Nb8 24. Rfe1 Nd7 25. a4 h6 26. a5 Rxe1+ 27. Rxe1 Rb8
28. axb6 axb6 29. Ra1 Ne5 30. Nd2 b5 31. Ra6+ Kg7 32. cxb5 Rxb5 33. Kf1 Rb2 34.
Ke1 Nd3+ 35. Ke2 Nxf2 36. Ke3 Ng4+ 37. Kd3 Rb4 38. Kc3 Rd4 39. d6 Nf6 40. Rc6
Nd5+ 0-1

[Event "48th Biel Master Open"]
[Site "Biel SUI"]
[Date "2015.07.20"]
[Round "1.19"]
[White "Can, Emre"]
[Black "Giulian, Philip M"]
[Result "1-0"]
[WhiteTitle "GM"]
[BlackTitle "FM"]
[WhiteElo "2547"]
[BlackElo "2136"]
[WhiteFideId "6302181"]
[BlackFideId "2400197"]
[EventDate "2015.07.20"]

1. Nf3 d5 2. d4 e6 3. c4 Nf6 4. Nc3 c5 5. cxd5 cxd4 6. Qxd4 exd5 7. e4 Nc6 8.
Bb5 dxe4 9. Qxd8+ Kxd8 10. Ng5 Be6 11. Nxe6+ fxe6 12. Bxc6 bxc6 13. Ke2 Bb4 14.
Rd1+ Ke7 15. Na4 Rhd8 16. Rxd8 Rxd8 17. Be3 Rd5 18. Rc1 Kd7 19. Rc4 Ba5 20. b4
Bc7 21. Bxa7 Rg5 22. g3 Bd6 23. Nc3 Rh5 24. h4 Nd5 25. a3 Nxc3+ 26. Rxc3 Rb5 27.
Ke3 Rf5 28. Kxe4 Re5+ 29. Kd3 Re1 30. Be3 Ra1 31. Kc2 Be5 32. Rd3+ Kc7 33. Kb3
h5 34. Bc5 1-0

[Event "48th Biel Master Open"]
[Site "Biel SUI"]
[Date "2015.07.20"]
[Round "1.20"]
[White "Jenal, Juerg"]
[Black "Bogner, Sebastian"]
[Result "0-1"]
[BlackTitle "GM"]
[WhiteElo "2136"]
[BlackElo "2544"]
[WhiteFideId "1300636"]
[BlackFideId "4692055"]
[EventDate "2015.07.20"]

1. e4 c5 2. Nf3 a6 3. d4 cxd4 4. Nxd4 e5 5. Nf3 Nf6 6. Nc3 Bb4 7. Bg5 Qc7 8.
Bxf6 Bxc3+ 9. bxc3 Qxc3+ 10. Nd2 gxf6 11. Bc4 Nc6 12. O-O b5 13. Bd5 Bb7 14. a4
Rb8 15. axb5 axb5 16. Qh5 Qxd2 17. Qxf7+ Kd8 18. Qxf6+ Kc7 19. Bxc6 dxc6 20. c4
Qd6 21. Qg7+ Kb6 22. Rfd1 Qc5 23. cxb5 Rhg8 24. Qh6 Rbf8 25. Qd2 Ra8 26. bxc6
Rxa1 27. Rxa1 Bxc6 28. Rc1 Qd4 29. Rb1+ Kc7 30. Qa5+ Kd7 31. Qe1 Ra8 0-1

[Event "48th Biel Master Open"]
[Site "Biel SUI"]
[Date "2015.07.21"]
[Round "2.2"]
[White "Ivanisevic, Ivan"]
[Black "Svane, Rasmus"]
[Result "1/2-1/2"]
[WhiteTitle "GM"]
[BlackTitle "IM"]
[WhiteElo "2662"]
[BlackElo "2531"]
[WhiteFideId "912417"]
[BlackFideId "4657101"]
[EventDate "2015.07.20"]

1. d4 Nf6 2. c4 g6 3. g3 c6 4. Nf3 Bg7 5. Nc3 d5 6. Qb3 dxc4 7. Qxc4 O-O 8. Bg2
Na6 9. O-O Be6 10. Qa4 Qb6 11. Rd1 Rfd8 12. Ng5 Bd7 13. Qc4 Be8 14. a3 e6 15. b4
Nd5 16. Nce4 e5 17. dxe5 Bxe5 18. Rb1 Qc7 19. Nf3 Nb6 20. Rxd8 Qxd8 21. Qc2 Bg7
22. Nc5 Nxc5 23. bxc5 Nd7 24. Rxb7 Qa5 25. Rb4 Qxc5 26. Rc4 Qe7 27. Rxc6 Rb8 28.
Rc7 a5 29. Bh3 Qd6 30. Bf4 Ne5 31. Bxe5 Bxe5 32. Rc8 Bf6 33. Nd2 Rxc8 34. Qxc8
Qc6 35. Nc4 a4 36. e4 Kg7 37. e5 Be7 38. Qxc6 Bxc6 39. Bg2 Bd7 40. Bd5 Bc5 41.
Kg2 f6 42. f4 fxe5 43. fxe5 Bb5 44. Kf3 1/2-1/2

[Event "48th Biel Master Open"]
[Site "Biel SUI"]
[Date "2015.07.21"]
[Round "2.3"]
[White "Ulybin, Mikhail"]
[Black "Gharamian, Tigran"]
[Result "0-1"]
[WhiteTitle "GM"]
[BlackTitle "GM"]
[WhiteElo "2520"]
[BlackElo "2649"]
[WhiteFideId "4101405"]
[BlackFideId "13301527"]
[EventDate "2015.07.20"]

1. d4 Nf6 2. c4 g6 3. Nc3 d5 4. cxd5 Nxd5 5. Bd2 Bg7 6. e4 Nb6 7. Be3 O-O 8. h3
e5 9. d5 c6 10. Qb3 cxd5 11. exd5 Na6 12. Rd1 Bd7 13. a4 Qh4 14. Nf3 Bxa4 15.
Qxb6 axb6 16. Nxh4 Bxd1 17. Kxd1 Nb4 18. Bxb6 Rfc8 19. d6 Rc6 20. Bc7 Bf8 21.
Bb5 Ra1+ 22. Ke2 Rxh1 23. d7 Be7 24. d8=Q+ Bxd8 25. Bxd8 Rc8 26. Bf6 Rc1 27. Ba4
R1xc3 28. bxc3 Nd5 29. Bxe5 Rc4 30. Bb3 Re4+ 31. Kf1 Rxe5 32. Nf3 Rf5 33. Nd4
Re5 34. Nf3 Rf5 35. Nd4 Rh5 36. g4 Rxh3 37. Bxd5 Rxc3 38. Bxb7 Rc4 39. Nf3 Rxg4
40. Bd5 Rf4 41. Kg2 Kg7 42. Kg3 Rb4 43. Ng1 g5 44. Nh3 f5 45. f3 Kf6 46. Nf2 h6
47. Bc6 h5 48. Be8 h4+ 49. Kg2 Rb2 50. Kf1 Rb1+ 51. Kg2 Rb2 52. Kf1 Rd2 53. Bc6
Ke5 54. Bb7 Kf4 55. Nh3+ Kg3 56. Nxg5 h3 57. Nxh3 Kxh3 58. Bc8 Kg3 59. Bxf5 Kxf3
60. Ke1 Ke3 61. Be6 Rd6 62. Bf7 Rd7 63. Be6 Re7 64. Bb3 Rb7 65. Bc2 Ra7 0-1

[Event "48th Biel Master Open"]
[Site "Biel SUI"]
[Date "2015.07.21"]
[Round "2.4"]
[White "Fridman, Daniel"]
[Black "Rambaldi, Francesco"]
[Result "1/2-1/2"]
[WhiteTitle "GM"]
[BlackTitle "IM"]
[WhiteElo "2639"]
[BlackElo "2513"]
[WhiteFideId "11600454"]
[BlackFideId "20657307"]
[EventDate "2015.07.20"]

1. d4 Nf6 2. Nf3 g6 3. g3 Bg7 4. Bg2 c5 5. O-O cxd4 6. Nxd4 O-O 7. c4 d5 8. cxd5
Nxd5 9. Nb5 Be6 10. Nd4 Bc8 11. Nc3 Nxc3 12. bxc3 Nc6 13. Ba3 Na5 14. Qd3 Qc7
15. Nb5 Qb6 16. Bxe7 Re8 17. Bd6 Bf5 18. e4 Be6 19. Bc7 Qa6 20. Rfb1 Rac8 21.
Qc2 Nc4 22. a4 Re7 23. Bf4 Qa5 24. Rd1 Bg4 25. Rd5 Nb6 26. Rg5 Bd7 27. Nd6 Qxc3
28. Qxc3 Rxc3 29. a5 Nc4 30. Rb1 Nxd6 31. Bxd6 Re8 32. Rc5 Rxc5 33. Bxc5 Re5 34.
Rc1 Bf8 1/2-1/2

[Event "48th Biel Master Open"]
[Site "Biel SUI"]
[Date "2015.07.21"]
[Round "2.5"]
[White "Wirig, Anthony"]
[Black "Bartel, Mateusz"]
[Result "1/2-1/2"]
[WhiteTitle "GM"]
[BlackTitle "GM"]
[WhiteElo "2511"]
[BlackElo "2631"]
[WhiteFideId "615013"]
[BlackFideId "1112635"]
[EventDate "2015.07.20"]

1. d4 d5 2. Nf3 Nf6 3. c4 dxc4 4. e3 Bg4 5. Bxc4 e6 6. Nc3 Nbd7 7. h3 Bh5 8. Be2
c6 9. O-O Bd6 10. e4 Bxf3 11. Bxf3 e5 12. d5 Bc5 13. dxc6 bxc6 14. Ne2 O-O 15.
b3 Qe7 16. Bb2 Ba3 17. Bxa3 Qxa3 18. Qc1 Qe7 19. Ng3 g6 20. Rd1 Rfc8 21. Bg4
Nxg4 22. hxg4 Nf8 23. Qc3 Qg5 24. f3 h5 25. Qc1 Qxc1 26. Raxc1 hxg4 27. fxg4 Ne6
28. Rd6 Nd4 29. Rc5 Re8 30. Kf2 Kf8 31. Rd7 Re6 32. g5 a5 1/2-1/2